The western echo: (Record no. 52129)

MARC details
000 -LEADER
fixed length control field 00880cam a22002411 4500
001 - CONTROL NUMBER
control field rc 01001578
003 - CONTROL NUMBER IDENTIFIER
control field DLC
005 - DATE AND TIME OF LATEST TRANSACTION
control field 20260227111904.0
007 - PHYSICAL DESCRIPTION FIXED FIELD--GENERAL INFORMATION
fixed length control field cr_|||||||||||
008 - FIXED-LENGTH DATA ELEMENTS--GENERAL INFORMATION
fixed length control field 760913s1881 ohuac 000 0 eng
010 ## - LIBRARY OF CONGRESS CONTROL NUMBER
LC control number rc 01001578
035 ## - SYSTEM CONTROL NUMBER
System control number (OCoLC)2428311
040 ## - CATALOGING SOURCE
Original cataloging agency DLC
Transcribing agency DeU
Modifying agency OCoLC
-- DLC
042 ## - AUTHENTICATION CODE
Authentication code premarc
050 00 - LIBRARY OF CONGRESS CALL NUMBER
Classification number F595
Item number .R77
100 1# - MAIN ENTRY--PERSONAL NAME
Personal name Romspert, George W.
245 14 - TITLE STATEMENT
Title The western echo:
Remainder of title a description of the western states and territories of the United States. As gathered in a tour by wagon.
Statement of responsibility, etc. By George W. Romspert.
260 ## - PUBLICATION, DISTRIBUTION, ETC.
Place of publication, distribution, etc. Dayton, O.,
Name of publisher, distributor, etc. United Brethren Publishing House,
Date of publication, distribution, etc. 1881.
300 ## - PHYSICAL DESCRIPTION
Extent 406 p. incl. front. (port.) illus.
Dimensions 19 cm.
530 ## - ADDITIONAL PHYSICAL FORM AVAILABLE NOTE
Additional physical form available note Also available in digital form on the Internet Archive Web site.
651 #0 - SUBJECT ADDED ENTRY--GEOGRAPHIC NAME
Geographic name West (U.S.)
General subdivision Description and travel.
856 41 - ELECTRONIC LOCATION AND ACCESS
Uniform Resource Identifier <a href="http://hdl.loc.gov/loc.gdc/scd0001.00147543542">http://hdl.loc.gov/loc.gdc/scd0001.00147543542</a>

No items available.

Powered by Koha